000
00214 a2200109 4500
020
_a
0790108607
041
_a
spa
100
_a
Hislop, Annette
245
_a
El cumpleanos de Bruno
942
_c
BK
999
_c
29700
_d
29698
999
_d
29698